[Event "42nd Olympiad"]
[Site "Baku"]
[Date "2016.09.13"]
[Round "11.3"]
[White "Bluebaum, Matthias"]
[Black "Seeman, Tarvo"]
[Result "1-0"]
[WhiteElo "2626"]
[BlackElo "2407"]
[Annotator "John Upper"]
[PlyCount "144"]
[EventDate "2016.09.02"]
[EventType "team-swiss"]
[EventRounds "11"]
[EventCountry "AZE"]
[SourceTitle "Chess Canada 2016Olympia"]
[Source "CFC"]
[SourceDate "2016.12.01"]
[WhiteTeam "Germany"]
[BlackTeam "Estonia"]
[WhiteTeamCountry "GER"]
[BlackTeamCountry "EST"]

1. d4 Nf6 2. c4 g6 3. Nc3 Bg7 4. e4 d6 5. h3 O-O 6. Be3 e5 7. d5 Na6 8. Nf3 Bd7
9. g4 c6 10. Nd2 cxd5 11. cxd5 Qb8 12. a3 Rc8 13. Be2 Nc5 14. a4 Rc7 15. Kf1
Qd8 16. Kg2 Ne8 17. Nb5 Rcc8 18. b4 Bxb5 19. axb5 $5 Nd7 20. Ra3 Bf6 21. Nf3
Be7 22. Bd3 Ng7 23. Qe2 h5 24. g5 h4 {It may not look like much, but this pawn
is key to the game ending tactics.} 25. Rha1 Nh5 26. Rxa7 Rab8 27. Qd2 Nf4+ 28.
Bxf4 exf4 29. Qxf4 Ne5 30. Nxe5 dxe5 31. Qxe5 Bxg5 32. R1a2 Bf6 33. Qf4 Qe7 34.
Rc2 Be5 35. Rxc8+ Rxc8 36. Rxb7 Qxb7 37. Qxe5 {[#]The unofficial Gold Medal
game. Because the Olympiad tie-breaks are not head-to-head matches, but
Sonnen-Berger, the gold and silver medals were undecided until the end of this
game.  If Black could draw, then Ukraine would take the gold on tie break; if
White won, then the USA would.} Qb6 $8 {Stopping d5-d6.} 38. Qb2 (38. d6 {
now drops the d-pawn to} Rd8 39. d7 Qe6) 38... Qd6 39. Qd4 Qf4 $2 {Black has
to stop e5, and tries it with piece activity.} (39... f6 $142 {buttressing the
dark squares.}) 40. b6 $1 Qg5+ {The players have reached the time control, but
this is the last of 11 rounds, and fatigue tells.} 41. Kf3 Qh5+ 42. Kg2 Qg5+
43. Kf3 Qh5+ 44. Ke3 $18 Qg5+ 45. Ke2 Qh5+ 46. f3 {[#]} Qg5 (46... Rb8 47. d6
$18) 47. b7 (47. d6 $2 Qg2+ $8 48. Qf2 $8 Qxh3 49. e5 $13) 47... Rb8 48. Qa7 $2
(48. Qc5 $142 Qd8 49. Ba6 $18) 48... Qg2+ 49. Ke1 Qg3+ 50. Kd2 Qf4+ 51. Ke2 Qc7
$1 52. Ba6 {Critical Position [#]} Qc2+ $1 53. Ke3 Qc1+ $2 (53... Qc3+ $1 $11
54. Kf2 (54. Bd3 $4 Qe1+ 55. Kf4 Qg3+ 56. Ke3 Qg1+ $19) (54. Kf4 $4 g5+ $8 $19
55. Kxg5 Qe5+ $8 56. Kxh4 Qf4+ 57. Kh5 Qxf3+ 58. Kh6 (58. Kg5 f6+ $8 $19) 58...
Qf4+ 59. Kh5 Kh7 $19) 54... Qb2+ $1 55. Kg1 (55. Be2 Qe5 56. Ke3 Qc3+ 57. Kf2 (
57. Bd3 $4 Qe1+ {and ...Qg1+ skewers the Q.})) 55... Qa1+ $1 {Checks from the
a-file prevent White from blocking checks with the Q or B.} 56. Kg2 Qa2+ $11)
54. Kf2 $2 (54. Kd3 $1 $18) (54. Kd4 $4 Qg1+ $19) 54... Qc2+ $1 (54... Qd2+ $6
55. Be2 Qf4 56. Qc5 {and White can still press for a win.}) 55. Kg1 (55. Be2
Qc7 $11) 55... Qc1+ 56. Kg2 Qd2+ {[#]} 57. Kf1 (57. Qf2 Qg5+ (57... Qxf2+ $4
58. Kxf2 Kf8 59. d6 $1 $18 {and the black K can't cross to the queenside
without allowing Bb5+ and Bc6, when the B and pawns dominate the R.}) 58. Kf1
Qc1+ 59. Qe1 Qa3 $11 {forking f3 and Ba6.}) 57... Qc1+ 58. Ke2 Qc2+ 59. Ke3
Qc1+ $4 ({As above,} 59... Qc3+ {draws.... and Ukraine wins 2016 Baku Olympiad
gold medalists.}) 60. Kd3 $1 $18 Qd1+ 61. Kc4 Qf1+ 62. Kb3 Qd1+ 63. Kb2 Qd2+
64. Ka3 Qc3+ 65. Ka4 Qc7 66. Qc5 $1 Qh2 67. Ka5 Kg7 68. Kb6 Qxh3 69. Qc7 Rxb7+
70. Bxb7 Qxf3 71. d6 h3 72. e5 {Now the B covers h1.} Qf4 {... and the USA
take the gold medal on tie break over Ukraine.} 1-0